Why shrinking cities are not mirror images of growing cities: a research agenda of six testable propositions (Record no. 510280)
[ view plain ]
| 000 -LEADER | |
|---|---|
| fixed length control field | 01649nam a2200157 4500 |
| 008 - FIXED-LENGTH DATA ELEMENTS--GENERAL INFORMATION | |
| fixed length control field | 190809b ||||| |||| 00| 0 eng d |
| 100 ## - MAIN ENTRY--PERSONAL NAME | |
| Personal name | Galster, George |
| 245 ## - TITLE STATEMENT | |
| Title | Why shrinking cities are not mirror images of growing cities: a research agenda of six testable propositions |
| 260 ## - PUBLICATION, DISTRIBUTION, ETC. (IMPRINT) | |
| Date of publication, distribution, etc | 2019 |
| 300 ## - PHYSICAL DESCRIPTION | |
| Extent | p.355-372. |
| 520 ## - SUMMARY, ETC. | |
| Summary, etc | I advance six propositions regarding the features of urban decline processes that distinguish them from those in growing cities. First, they are demographically selective, as population losses are disproportionately comprised of more advantaged households. Second, they are dynamically nonlinear, as population changes exceed thresholds where socially problematic behaviors and residential disinvestment jump sharply. Third, they are asymmetrically scalable for technological, financial, physical, and political reasons. Fourth, they are minimally controlled by traditional land-use policies of zoning and building permits. Fifth, they are informally decentralized, as individuals and groups supplement the atrophied local public sector with “do it yourself” activities. Sixth, they are psychologically conservative, as residents try to conserve threatened physical, social, and psychological resources. The article synthesizes extant theory and evidence from multiple disciplines, although ultimately the propositions are advanced as working hypotheses commanding varying degrees of support, which collectively comprise a research agenda for further investigation. - Reproduced. |
| 650 ## - SUBJECT ADDED ENTRY--TOPICAL TERM | |
| Topical term or geographic name as entry element | Urban areas |
| 9 (RLIN) | 8019 |
| 773 ## - HOST ITEM ENTRY | |
| Main entry heading | Urban Affairs Review |
| 906 ## - LOCAL DATA ELEMENT F, LDF (RLIN) | |
| Subject DIP | Cities and towns |
| 942 ## - ADDED ENTRY ELEMENTS (KOHA) | |
| Source of classification or shelving scheme | |
| Item type | Articles |
| Withdrawn status | Lost status | Source of classification or shelving scheme | Damaged status | Not for loan | Permanent location | Current location | Date acquired | Serial Enumeration / chronology | Barcode | Date last seen | Koha item type |
|---|---|---|---|---|---|---|---|---|---|---|---|
| Indian Institute of Public Administration | Indian Institute of Public Administration | 2019-08-09 | 55(1), Jan, 2019: p.355-372. | AR119913 | 2019-08-09 | Articles |
